000 00609nam a22002297a 4500
001 BS2023000670
003 BR-BrBNA
005 20231218144658.0
008 231218b bl.||||| |||| 00| 0 por d
020 _a85-7479-563-1
040 _aBR-BrBNA
_bpor
041 _apor
072 _aS86
100 _4aut.
_aFonseca, Rubem
245 _aVastas emoções e pensamentos imperfeitos /
_cRubem Fonseca
260 _aSão Paulo, SP :
_bPlaneta De Agostini,
_c2003.
300 _a288 p.
650 _aLITERATURA BRASILEIRA
909 _a202312
_bAna Lívia
942 _cBK
999 _c260090
_d260090